00385nam a2200121Ia 4500008004100000100002400041245007500065245003700140260000900177300002500186440003800211650001400249171207s9999 xx 000 0 und d aJonsmoen, Kari Mari aLecturers’ text competencies and guidance towards academic literacy  cKari Mari Jonsmoen & Marit Greek c2017 apages 354-369, 2017 aEducational Action Researchv25:3 aEDUCATION